Caracteres
Tallennettuna:
| Päätekijät: | , |
|---|---|
| Aineistotyyppi: | Kirja |
| Kieli: | espanja |
| Julkaistu: |
Madrid
Gredos
1988
|
| Sarja: | Biblioteca clásica Gredos, 119
|
| Aiheet: | |
| Tagit: |
Lisää tagi
Ei tageja, Lisää ensimmäinen tagi!
|
MARC
| LEADER | 00000nam a2200000 a 4500 | ||
|---|---|---|---|
| 001 | UCX2344 | ||
| 003 | CL-VaPUC | ||
| 008 | 910424e19880000SP |||||||||||||||||spa|d | ||
| 082 | 0 | 4 | |a 155.2 |b TEO |2 21 |
| 100 | 0 | |a Teofrasto |e author |9 267068 | |
| 700 | 0 | |a Alcifrón |e author |9 318246 | |
| 245 | 1 | 0 | |a Caracteres |
| 246 | 1 | 0 | |a Cartas de pescadores, campesinos, parásitos y cortesanas |
| 300 | |a 327 p | ||
| 942 | |c BK | ||
| 945 | |d 19910424 00:00:00 | ||
| 260 | |a Madrid |b Gredos |c 1988 | ||
| 600 | 0 | 7 | |a ALCIFRON |2 CL-VaPUC |9 318247 |
| 650 | 7 | |a CARACTERES Y CARACTERISTICAS |2 CL-VaPUC |9 267069 | |
| 650 | 7 | |a TIPOS PSICOLOGICOS |2 CL-VaPUC |9 311445 | |
| 650 | 7 | |a CONDUCTA ETICA |2 CL-VaPUC |9 256932 | |
| 650 | 0 | |a Correspondencia |9 258963 | |
| 583 | |a last modification |c 19910424 00:00:00 |k Rodrigo Vera | ||
| 490 | 0 | |a Biblioteca clásica Gredos, 119 | |
| 999 | |c 223385 |d 223383 | ||
| 952 | |0 0 |1 0 |4 0 |6 155_200000000000000_TEO_1988 |7 0 |8 X |9 219137 |a BIBHIS |b BIBHIS |d 2019-11-15 |i 2878984 |o 155.2 TEO 1988 |p 2878984 |r 2024-01-30 |w 2019-11-15 |y BK_X |k HIS | ||